Flagi państw afrykańskich z kolorami czerwonym zielonym i żółtym - Statystyki

Ogólne statystyki
  • Ten quiz został rozwiązany 19 razy
  • Średni wynik to 11 z 15
Statystyki odpowiedzi
Obrazkowy Odpowiedź % Poprawnych
Senegal
100%
Benin
92%
Etiopia
92%
Ghana
92%
Togo
92%
Burkina Faso
85%
Kamerun
85%
Zambia
85%
Mauretania
77%
Zimbabwe
77%
Mali
69%
Kongo
62%
Gwinea
54%
Gwinea Bissau
54%
Wyspy świętego Tomasza i Książęce
15%
Nie znaleziono quizów pasujących do podanych kryteriów
Rozkład punktacji
Procent ludzi z każdym wynikiem
Percentyl według liczby udzielonych odpowiedzi
Twoja historia wyników
Nie rozwiązałeś tego quizu